000 00771nam a2200253Ia 4500
003 OSt
005 20220918170948.0
006 a|||||r|||| 00| 0
007 ta
008 220917b |||||||| |||| 00| 0 eng d
020 _a9781107029217 (hbk)
_c995
024 _a264,552
037 _b2645, 14/08/2012, The Book Seller
_cTextual
040 _aARTS
_cARTS
_beng
041 _2eng
_aeng
082 _aY:49(Q).49G, Q2
100 _aGould William
_94960
245 0 _aReligion and conflict in modern South Asia
260 _aCambridge
_bCambridge University Press UK
_c2012
300 _axix,345p.
_ccm.
650 _aSOCIOLOGY
942 _hY:49(Q).49G, Q2
_cTEXL
_2CC
999 _c136939
_d136939